logo

Bir Sreshtho Munshi Abdur Rouf Library
Jhenaidah Cadet College

One-Act Plays of To-Day / (Record no. 4253)

MARC details
000 -LEADER
fixed length control field 00551nam a2200217 a 4500
001 - CONTROL NUMBER
JCCL Control Number 4253
003 - CONTROL NUMBER IDENTIFIER
JCCL marc code BD-JhCC
005 - DATE AND TIME OF LATEST TRANSACTION
control field 20180128121120.0
008 - FIXED-LENGTH DATA ELEMENTS--GENERAL INFORMATION
fixed length control field 171125s19251962e a|||| || | 000 0 eng d
035 ## - SYSTEM CONTROL NUMBER
system control number (BD-JhCC)4253
040 ## - CATALOGING SOURCE
Original cataloging agency BD-JhCC
Modifying agency BD-JhCC
041 ## - LANGUAGE CODE
Language code of Book eng
082 ## - DEWEY DECIMAL CLASSIFICATION NUMBER
Classification number 822.93
Author mark and Year MAR 1962
100 ## - MAIN ENTRY--PERSONAL NAME
Personal name Marriott, J. W.
245 ## - TITLE STATEMENT
Title One-Act Plays of To-Day /
Statement of responsibility, etc J. W. Marriott,
260 ## - PUBLICATION, DISTRIBUTION, ETC. (IMPRINT)
Place of publication, distribution, etc London :
Name of publisher, distributor, etc George G. Harrap & Co. Ltd,
Date of publication, distribution, etc 1962
300 ## - PHYSICAL DESCRIPTION
Pagination 224 p. :
Dimensions 18 cm.
650 ## - SUBJECT ADDED ENTRY--TOPICAL TERM
Topical term or geographic name as entry element English Drama
942 ## - ADDED ENTRY ELEMENTS (KOHA)
Source of classification or shelving scheme Dewey Decimal Classification
Koha item type Books
Holdings
Source of classification or shelving scheme Damaged status Not for loan Home library Current library Shelving location Date of accession Total Checkouts Full call number Barcode Date last seen Copy number Koha item type Source of acquisition
Dewey Decimal Classification     JCC Rouf Library JCC Rouf Library General Stacks 11/25/2017   822.93 MAR 1962 6194 11/25/2017 C- 1 Books  
Dewey Decimal Classification     JCC Rouf Library JCC Rouf Library General Stacks 11/25/2017   822.93 MAR 1962 6182 11/25/2017 C- 2 Books  
Dewey Decimal Classification     JCC Rouf Library JCC Rouf Library General Stacks     822.93 MAR 1962 6183 11/25/2017 C- 3 Books 2017-11-25
Dewey Decimal Classification     JCC Rouf Library JCC Rouf Library General Stacks 11/27/2017   822.93 MAR 1962 6088 11/27/2017 C-4 Books  
Dewey Decimal Classification     JCC Rouf Library JCC Rouf Library General Stacks     822.93 MAR 1962 9053 01/27/2018 C - 5 Books  
Dewey Decimal Classification     JCC Rouf Library JCC Rouf Library General Stacks     822.93 MAR 1962 9058 01/27/2018 C - 6 Books  
Dewey Decimal Classification     JCC Rouf Library JCC Rouf Library Fiction     822.93 MAR 1962 9089 01/27/2018 C - 7 Books  
Dewey Decimal Classification     JCC Rouf Library JCC Rouf Library General Stacks     822.93 MAR 1962 8930 01/28/2018 C - 8 Books  
Dewey Decimal Classification     JCC Rouf Library JCC Rouf Library General Stacks     822.93 MAR 1962 8929 01/28/2018 C - 9 Books  
Dewey Decimal Classification     JCC Rouf Library JCC Rouf Library General Stacks     822.93 MAR 1962 8928 01/28/2018 C - 10 Books  
Dewey Decimal Classification     JCC Rouf Library JCC Rouf Library General Stacks 03/24/2018   822.93 MAR 1962 9108 03/24/2018 C - 11 Books  

JCC Library | Contacts | JCC Home

Last Update on 23 September 2017
Copyright @ 2017-2020 JCC Rouf Library
Rouf Library, Jhenidah Cadet College (JCC), Bangladesh